A wanted man : a Reacher novel (Record no. 137509)
[ view plain ]
| 000 -LEADER | |
|---|---|
| fixed length control field | 00306nam a2200121Ia 4500 |
| 008 - FIXED-LENGTH DATA ELEMENTS--GENERAL INFORMATION | |
| fixed length control field | 220120s9999||||xx |||||||||||||| ||und|| |
| 082 ## - DEWEY DECIMAL CLASSIFICATION NUMBER | |
| Classification number | 823 CHI |
| 100 ## - MAIN ENTRY--PERSONAL NAME | |
| Personal name | Child, Lee |
| 9 (RLIN) | 11961 |
| 245 #2 - TITLE STATEMENT | |
| Title | A wanted man : a Reacher novel |
| 260 ## - PUBLICATION, DISTRIBUTION, ETC. | |
| Place of publication, distribution, etc. | Dell |
| Name of publisher, distributor, etc. | New Delhi |
| Date of publication, distribution, etc. | 2013 |
| 300 ## - PHYSICAL DESCRIPTION | |
| Extent | 341p. |
| Other physical details | 0 |
| 650 ## - SUBJECT ADDED ENTRY--TOPICAL TERM | |
| Topical term or geographic name entry element | MATHEMATICS |
| Withdrawn status | Lost status | Damaged status | Not for loan | Collection code | Home library | Current library | Date acquired | Full call number | Barcode | Date last seen | Price effective from | Koha item type |
|---|---|---|---|---|---|---|---|---|---|---|---|---|
| Humanity Science | Central Library | Central Library | 01/20/2022 | 823 CHI | GF1368 | 01/20/2022 | 01/20/2022 | Gift Books |